[Event "Ïåðâåíñòâî Ìîñêâû ïî øàõìàòàì 2015 ñðåäè ìàëü÷èêîâ (Ì19)"]
[Site "Moscow"]
[Date "2015.11.19"]
[Round "8.4"]
[White "Ãàëÿåâ, Èâàí"]
[Black "Êðàñèêîâ, Âëàäèñëàâ"]
[Result "1-0"]
[WhiteElo "1976"]
[BlackElo "2113"]
[PlyCount "0"]
[EventDate "2015.11.12"]

1. c4 {[%clk 1:30:57]} c6 {[%clk 1:18:17]} 2. Nc3 {[%clk 1:29:04]} d5
{[%clk 1:18:46]} 3. cxd5 {[%clk 1:28:19]} cxd5 {[%clk 1:19:15]} 4. d4
{[%clk 1:28:38]} Nf6 {[%clk 1:19:34]} 5. Nf3 {[%clk 1:28:36]} Nc6
{[%clk 1:20:03]} 6. Bf4 {[%clk 1:24:17]} a6 {[%clk 1:20:25]} 7. e3
{[%clk 1:24:19]} Bg4 {[%clk 1:20:40]} 8. Be2 {[%clk 1:13:43]} e6 {[%clk 1:20:58]}
9. Ne5 {[%clk 1:13:10]} Bxe2 {[%clk 1:20:33]} 10. Qxe2 {[%clk 1:13:28]} Bb4
{[%clk 1:10:27]} 11. O-O {[%clk 1:11:46]} O-O {[%clk 1:07:07]} 12. Nxc6
{[%clk 1:09:37]} bxc6 {[%clk 1:07:36]} 13. Na4 {[%clk 1:09:59]} Qa5
{[%clk 0:59:02]} 14. Qc2 {[%clk 1:06:14]} Rfc8 {[%clk 0:55:20]} 15. Rfc1
{[%clk 0:59:01]} Be7 {[%clk 0:52:49]} 16. a3 {[%clk 0:54:33]} Qb5
{[%clk 0:46:27]} 17. Bg5 {[%clk 0:43:13]} Rab8 {[%clk 0:42:39]} 18. b4
{[%clk 0:37:14]} a5 {[%clk 0:38:31]} 19. Bxf6 {[%clk 0:33:07]} Bxf6
{[%clk 0:33:35]} 20. Nc5 {[%clk 0:30:42]} Be7 {[%clk 0:30:14]} 21. a4
{[%clk 0:26:40]} Qc4 {[%clk 0:25:02]} 22. Qd1 {[%clk 0:22:41]} Qxb4
{[%clk 0:25:26]} 23. Na6 {[%clk 0:23:07]} Qb6 {[%clk 0:24:36]} 24. Nxb8
{[%clk 0:23:31]} Rxb8 {[%clk 0:24:58]} 25. Rab1 {[%clk 0:23:37]} Bb4
{[%clk 0:25:23]} 26. g3 {[%clk 0:23:07]} Rc8 {[%clk 0:23:23]} 27. Qd3
{[%clk 0:22:38]} g6 {[%clk 0:22:53]} 28. Rc2 {[%clk 0:22:40]} Rd8
{[%clk 0:19:24]} 29. Rbc1 {[%clk 0:21:19]} Rd6 {[%clk 0:19:52]} 30. Rb1
{[%clk 0:20:42]} Kg7 {[%clk 0:19:57]} 31. Qe2 {[%clk 0:20:32]} f6
{[%clk 0:18:35]} 32. Qg4 {[%clk 0:15:53]} Qa7 {[%clk 0:17:51]} 33. Qf4
{[%clk 0:15:52]} Qe7 {[%clk 0:17:15]} 34. Rbc1 {[%clk 0:15:29]} Qd7
{[%clk 0:15:54]} 35. Qg4 {[%clk 0:15:13]} Kf7 {[%clk 0:13:01]} 36. Qh4
{[%clk 0:14:53]} Kg7 {[%clk 0:12:48]} 37. Qg4 {[%clk 0:14:39]} h5
{[%clk 0:11:34]} 38. Qe2 {[%clk 0:14:24]} Qb7 {[%clk 0:11:55]} 39. e4
{[%clk 0:11:24]} dxe4 {[%clk 0:09:59]} 40. Qxe4 {[%clk 0:11:32]} Ba3
{[%clk 0:10:18]} 41. Ra1 {[%clk 0:10:49]} Bb4 {[%clk 0:10:23]} 42. Rc4
{[%clk 0:10:02]} Qd7 {[%clk 0:06:38]} 43. Rac1 {[%clk 0:09:45]} f5
{[%clk 0:06:34]} 44. Qe5+ {[%clk 0:09:56]} Kf7 {[%clk 0:07:03]} 45. Qh8
{[%clk 0:09:46]} Ba3 {[%clk 0:06:18]} 46. R1c2 {[%clk 0:10:07]} Ke7
{[%clk 0:03:50]} 47. Qg7+ Kd8 48. Qg8+ {[%clk 0:09:27]} Kc7 {[%clk 0:04:12]} 49.
Qxg6 {[%clk 0:09:45]} e5 {[%clk 0:04:01]} 50. Qg8 {[%clk 0:07:57]} exd4
{[%clk 0:04:14]} 51. Qa8 {[%clk 0:08:18]} d3 {[%clk 0:02:56]} 52. Qxa5+
{[%clk 0:08:22]} Kb8 {[%clk 0:02:08]} 53. Qb6+ {[%clk 0:06:28]} Qb7
{[%clk 0:02:37]} 54. Qxb7+ {[%clk 0:06:37]} Kxb7 {[%clk 0:03:07]} 55. Rd2
{[%clk 0:06:37]} Kc7 {[%clk 0:03:27]} 56. Rc3 {[%clk 0:04:19]} Bb4
{[%clk 0:03:49]} 57. Rdxd3 {[%clk 0:04:37]} Bxc3 {[%clk 0:04:19]} 58. Rxc3
{[%clk 0:05:01]} Rd4 {[%clk 0:03:03]} 59. a5 {[%clk 0:04:41]} Kd6
{[%clk 0:02:40]} 60. Ra3 {[%clk 0:05:02]} Kc5 {[%clk 0:03:09]} 61. a6 Rd8 62.
Ra5+ {[%clk 0:04:20]} Kb4 {[%clk 0:02:49]} 63. Rxf5 {[%clk 0:04:34]} Ra8
{[%clk 0:01:41]} 64. Rxh5 Rxa6 65. Rh8 {[%clk 0:05:06]} c5 {[%clk 0:02:04]} 66.
Rc8 {[%clk 0:05:31]} c4 {[%clk 0:02:24]} 67. h4 {[%clk 0:05:10]} Ra5
{[%clk 0:01:52]} 68. g4 {[%clk 0:05:01]} Rc5 {[%clk 0:01:53]} 69. Rxc5
{[%clk 0:03:18]} Kxc5 {[%clk 0:02:22]} 70. Kf1 {[%clk 0:03:44]} Kb4
{[%clk 0:02:45]} 71. Ke2 {[%clk 0:04:08]} Kb3 {[%clk 0:03:01]} 72. g5
{[%clk 0:04:33]} c3 {[%clk 0:03:09]} 73. g6 {[%clk 0:05:00]} c2 {[%clk 0:03:33]}
74. g7 {[%clk 0:05:26]} c1=Q {[%clk 0:03:53]} 75. g8=Q+ {[%clk 0:05:49]} Kb4
{[%clk 0:02:15]} 76. Qg4+ {[%clk 0:05:59]} Kb3 {[%clk 0:02:29]} 77. Qf3+
{[%clk 0:06:04]} Kb2 {[%clk 0:01:46]} 78. Qb7+ {[%clk 0:06:24]} Ka3
{[%clk 0:01:15]} 79. Qa6+ {[%clk 0:06:43]} Kb4 {[%clk 0:01:19]} 80. Qb6+
{[%clk 0:06:58]} Ka4 {[%clk 0:01:38]} 81. Qd4+ {[%clk 0:07:12]} Kb5
{[%clk 0:01:58]} 82. Kf3 {[%clk 0:06:55]} Qh1+ {[%clk 0:01:53]} 83. Kg4
{[%clk 0:07:12]} Qg2+ {[%clk 0:01:38]} 84. Kf4 {[%clk 0:06:43]} Qh2+
{[%clk 0:01:16]} 85. Kg5 {[%clk 0:06:51]} Kc6 {[%clk 0:01:18]} 86. Qf6+
{[%clk 0:07:04]} Kd7 {[%clk 0:01:31]} 87. f4 {[%clk 0:07:25]} Ke8
{[%clk 0:01:28]} 88. Kh6 {[%clk 0:07:41]} Qd2 {[%clk 0:01:10]} 89. h5
{[%clk 0:07:44]} Qc1 {[%clk 0:00:43]} 90. Kg7 {[%clk 0:07:07]} Qc7+
{[%clk 0:01:04]} 91. Kg6 {[%clk 0:07:29]} Qc2+ {[%clk 0:00:54]} 92. f5
{[%clk 0:07:37]} Qg2+ {[%clk 0:01:12]} 93. Qg5 {[%clk 0:07:55]} Qb7
{[%clk 0:01:14]} 94. f6 {[%clk 0:07:28]} Kf8 {[%clk 0:00:35]} 95. Kh6
{[%clk 0:07:41]} Qc7 {[%clk 0:00:32]} 96. Qe3 {[%clk 0:07:32]} Qf7
{[%clk 0:00:32]} 97. Qe7+ {[%clk 0:07:51]} 1-0

[Event "Ïåðâåíñòâî Ìîñêâû ïî øàõìàòàì 2015 ñðåäè ìàëü÷èêîâ (Ì19)"]
[Site "Moscow"]
[Date "2015.11.19"]
[Round "8.5"]
[White "Ñåëèâåðñòîâ, Âëàäèñëàâ"]
[Black "Ìàòþíèí, Âëàäèñëàâ"]
[Result "1/2-1/2"]
[WhiteElo "1954"]
[BlackElo "2062"]
[PlyCount "0"]
[EventDate "2015.11.12"]

1. d4 {[%clk 1:30:57]} g6 {[%clk 1:30:29]} 2. Nf3 {[%clk 1:30:54]} Bg7
{[%clk 1:30:53]} 3. c4 {[%clk 1:31:11]} d6 {[%clk 1:31:02]} 4. Nc3
{[%clk 1:31:34]} Nf6 {[%clk 1:30:05]} 5. Bg5 {[%clk 1:31:55]} O-O
{[%clk 1:30:05]} 6. e3 {[%clk 1:32:21]} Nbd7 {[%clk 1:28:01]} 7. Be2
{[%clk 1:32:16]} e5 {[%clk 1:28:03]} 8. h3 {[%clk 1:27:52]} a6 {[%clk 1:23:45]}
9. Qc2 {[%clk 1:26:20]} Qe8 {[%clk 1:23:42]} 10. Nd5 {[%clk 1:21:37]} Nxd5
{[%clk 1:12:31]} 11. cxd5 {[%clk 1:21:58]} h6 {[%clk 1:12:57]} 12. Bh4
{[%clk 1:21:50]} g5 {[%clk 1:13:20]} 13. Bg3 {[%clk 1:14:08]} exd4
{[%clk 1:11:26]} 14. Nxd4 {[%clk 1:13:09]} Nc5 {[%clk 1:11:12]} 15. O-O
{[%clk 1:09:14]} Qe4 {[%clk 1:07:26]} 16. Qxe4 {[%clk 1:08:24]} Nxe4
{[%clk 1:07:41]} 17. Bh2 {[%clk 1:08:33]} Nf6 {[%clk 1:07:57]} 18. Bc4
{[%clk 1:00:52]} b5 {[%clk 1:07:20]} 19. Bb3 {[%clk 1:01:13]} Bb7
{[%clk 1:07:45]} 20. Nf5 {[%clk 1:01:27]} Rfe8 {[%clk 1:07:02]} 21. Rfd1
{[%clk 0:49:31]} Nd7 {[%clk 1:04:18]} 22. Rab1 {[%clk 0:48:22]} Nb6
{[%clk 1:02:18]} 23. Rbc1 {[%clk 0:45:25]} Rac8 {[%clk 1:01:58]} 24. Rc2
{[%clk 0:45:13]} Kh7 {[%clk 0:56:37]} 25. Rdc1 {[%clk 0:35:29]} Bxd5
{[%clk 0:47:18]} 26. Nxg7 {[%clk 0:29:17]} Kxg7 {[%clk 0:43:46]} 27. Bxd5
{[%clk 0:26:18]} Nxd5 {[%clk 0:44:13]} 28. Bxd6 {[%clk 0:25:47]} Red8
{[%clk 0:44:40]} 29. Be5+ {[%clk 0:24:26]} Kh7 {[%clk 0:39:41]} 30. Bxc7
{[%clk 0:22:11]} Nxc7 {[%clk 0:37:28]} 31. Rxc7 {[%clk 0:22:29]} Rxc7
{[%clk 0:37:55]} 32. Rxc7 {[%clk 0:22:50]} Kg7 {[%clk 0:38:23]} 33. Rc2
{[%clk 0:22:44]} Kg6 {[%clk 0:36:13]} 34. Rc6+ {[%clk 0:22:40]} f6
{[%clk 0:36:40]} 35. Rxa6 {[%clk 0:22:40]} Rd1+ {[%clk 0:37:06]} 36. Kh2
{[%clk 0:23:02]} Rd2 {[%clk 0:37:33]} 37. b4 {[%clk 0:22:08]} Rxf2
{[%clk 0:37:56]} 38. Kg3 {[%clk 0:22:22]} Rb2 {[%clk 0:37:40]} 39. a3
{[%clk 0:22:43]} Rb3 {[%clk 0:35:48]} 40. Kf3 {[%clk 0:23:00]} h5
{[%clk 0:34:50]} 41. g3 {[%clk 0:23:01]} Kf5 {[%clk 0:34:48]} 42. g4+
{[%clk 0:21:49]} hxg4+ {[%clk 0:34:15]} 43. hxg4+ {[%clk 0:22:11]} Kg6
{[%clk 0:34:19]} 44. Ke4 {[%clk 0:21:16]} Rb1 {[%clk 0:34:24]} 45. Ra5
{[%clk 0:21:04]} Ra1 {[%clk 0:34:16]} 46. Kd4 {[%clk 0:20:55]} Rg1
{[%clk 0:34:06]} 47. Rxb5 {[%clk 0:18:28]} Rxg4+ {[%clk 0:34:32]} 48. e4
{[%clk 0:18:42]} Rg3 {[%clk 0:33:57]} 49. a4 {[%clk 0:18:56]} Ra3
{[%clk 0:34:24]} 50. a5 {[%clk 0:18:51]} g4 {[%clk 0:34:51]} 51. Rc5
{[%clk 0:16:54]} Rb3 {[%clk 0:33:33]} 52. Kc4 {[%clk 0:16:23]} Re3
{[%clk 0:33:50]} 53. a6 {[%clk 0:12:16]} Rxe4+ {[%clk 0:33:24]} 54. Kc3
{[%clk 0:11:30]} g3 {[%clk 0:26:53]} 55. a7 {[%clk 0:11:27]} Re8 {[%clk 0:27:01]}
56. Ra5 {[%clk 0:11:14]} Ra8 {[%clk 0:25:57]} 57. Ra2 {[%clk 0:10:14]} Kf5
{[%clk 0:25:19]} 58. Kd4 {[%clk 0:10:04]} g2 {[%clk 0:25:31]} 59. Rxg2
{[%clk 0:10:13]} Rxa7 {[%clk 0:25:59]} 60. b5 {[%clk 0:10:27]} Rb7
{[%clk 0:26:14]} 61. Kc5 {[%clk 0:10:40]} Ke4 {[%clk 0:26:14]} 1/2-1/2

[Event "Ïåðâåíñòâî Ìîñêâû ïî øàõìàòàì 2015 ñðåäè ìàëü÷èêîâ (Ì19)"]
[Site "Moscow"]
[Date "2015.11.19"]
[Round "8.6"]
[White "Ñàâåíêîâ, Êîíñòàíòèí"]
[Black "Ïàÿíèäè, ßíèñ"]
[Result "1-0"]
[WhiteElo "2324"]
[BlackElo "2178"]
[PlyCount "0"]
[EventDate "2015.11.12"]

1. e4 {[%clk 1:30:58]} c5 {[%clk 1:30:29]} 2. Nf3 {[%clk 1:31:25]} d6
{[%clk 1:30:53]} 3. Bb5+ {[%clk 1:31:53]} Nd7 {[%clk 1:31:15]} 4. O-O
{[%clk 1:32:16]} a6 {[%clk 1:31:35]} 5. Bd3 {[%clk 1:32:42]} g6 {[%clk 1:23:53]}
6. c3 {[%clk 1:32:40]} Bg7 {[%clk 1:24:20]} 7. Re1 {[%clk 1:33:07]} e5
{[%clk 1:16:02]} 8. Bf1 {[%clk 1:31:01]} Ne7 {[%clk 1:16:25]} 9. d4
{[%clk 1:30:47]} O-O {[%clk 1:15:37]} 10. dxe5 {[%clk 1:30:12]} dxe5
{[%clk 1:13:40]} 11. a4 {[%clk 1:17:57]} Qc7 {[%clk 1:09:00]} 12. Nbd2
{[%clk 1:15:11]} Rd8 {[%clk 0:54:46]} 13. Qb3 {[%clk 1:10:09]} Nc6
{[%clk 0:48:06]} 14. Nc4 {[%clk 1:09:06]} b6 {[%clk 0:39:22]} 15. Bg5
{[%clk 1:08:18]} Rf8 {[%clk 0:39:48]} 16. Rad1 {[%clk 0:56:34]} h6
{[%clk 0:40:11]} 17. Bh4 {[%clk 0:56:47]} g5 {[%clk 0:37:16]} 18. Bg3
{[%clk 0:56:35]} Rd8 {[%clk 0:36:06]} 19. Nd6 {[%clk 0:53:25]} Nf8
{[%clk 0:36:11]} 20. Nxc8 {[%clk 0:51:40]} Rdxc8 {[%clk 0:36:40]} 21. Nd2
{[%clk 0:46:00]} Na5 {[%clk 0:36:29]} 22. Qc2 {[%clk 0:44:03]} c4
{[%clk 0:36:07]} 23. Be2 {[%clk 0:43:01]} Qc6 {[%clk 0:34:59]} 24. Nf1
{[%clk 0:42:01]} Ng6 {[%clk 0:23:56]} 25. Ne3 {[%clk 0:41:32]} Ne7
{[%clk 0:24:17]} 26. Nf5 {[%clk 0:32:14]} Qc5 {[%clk 0:24:22]} 27. Rd7
{[%clk 0:29:39]} Nxf5 {[%clk 0:18:04]} 28. exf5 {[%clk 0:30:08]} Rd8
{[%clk 0:17:56]} 29. Red1 {[%clk 0:29:03]} Rxd7 {[%clk 0:18:24]} 30. Rxd7
{[%clk 0:29:30]} Qc6 {[%clk 0:15:08]} 31. Qd1 {[%clk 0:29:12]} e4
{[%clk 0:14:04]} 32. Bh5 {[%clk 0:27:21]} Rf8 {[%clk 0:14:30]} 33. Rd6
{[%clk 0:24:30]} Qc5 {[%clk 0:14:30]} 34. f6 {[%clk 0:22:39]} Bh8
{[%clk 0:14:56]} 35. Qg4 {[%clk 0:17:52]} e3 {[%clk 0:11:58]} 36. Qe4
{[%clk 0:17:37]} exf2+ {[%clk 0:11:59]} 37. Kf1 {[%clk 0:18:04]} Qc7
{[%clk 0:09:30]} 38. Qe7 {[%clk 0:17:43]} Qb7 {[%clk 0:05:53]} 1-0

[Event "Ïåðâåíñòâî Ìîñêâû ïî øàõìàòàì 2015 ñðåäè ìàëü÷èêîâ (Ì19)"]
[Site "Moscow"]
[Date "2015.11.19"]
[Round "8.7"]
[White "Áàãäàñàðîâ, Ýäóàðä"]
[Black "Òèòîâ, Åâãåíèé"]
[Result "1/2-1/2"]
[WhiteElo "2003"]
[BlackElo "2057"]
[PlyCount "0"]
[EventDate "2015.11.12"]

1. e4 c6 {[%clk 1:23:19]} 2. d4 {[%clk 1:31:02]} d5 {[%clk 1:23:44]} 3. Nc3
{[%clk 1:31:29]} dxe4 {[%clk 1:24:08]} 4. Nxe4 {[%clk 1:31:57]} Bf5
{[%clk 1:24:34]} 5. Ng3 {[%clk 1:32:21]} Bg6 {[%clk 1:24:57]} 6. Nh3
{[%clk 1:32:14]} Nf6 {[%clk 1:25:20]} 7. Nf4 {[%clk 1:32:39]} e5 {[%clk 1:25:46]}
8. dxe5 {[%clk 1:33:04]} Qa5+ {[%clk 1:26:11]} 9. c3 {[%clk 1:33:11]} Qxe5+
{[%clk 1:26:33]} 10. Be2 {[%clk 1:33:11]} Nbd7 {[%clk 1:23:35]} 11. O-O
{[%clk 1:30:04]} O-O-O {[%clk 1:22:52]} 12. Nxg6 {[%clk 1:30:05]} hxg6
{[%clk 1:23:04]} 13. Qa4 {[%clk 1:30:01]} Bd6 {[%clk 1:17:42]} 14. Qxa7
{[%clk 1:27:15]} Qxe2 {[%clk 1:01:16]} 15. Qa8+ {[%clk 1:25:54]} Kc7
{[%clk 0:59:05]} 16. Qxd8+ {[%clk 1:25:23]} Kxd8 {[%clk 0:59:34]} 17. Nxe2
{[%clk 1:25:48]} Bxh2+ {[%clk 1:00:00]} 18. Kh1 {[%clk 1:26:15]} Bg3+
{[%clk 0:49:24]} 19. Kg1 {[%clk 1:16:46]} Bh2+ {[%clk 0:49:42]} 20. Kh1
{[%clk 1:16:50]} Bb8+ {[%clk 0:46:17]} 21. Kg1 Bh2+ {[%clk 0:45:52]} 22. Kh1
{[%clk 1:17:19]} 1/2-1/2

[Event "Ïåðâåíñòâî Ìîñêâû ïî øàõìàòàì 2015 ñðåäè ìàëü÷èêîâ (Ì19)"]
[Site "Moscow"]
[Date "2015.11.19"]
[Round "8.8"]
[White "Êàòâàëÿí, Àâåòèê"]
[Black "Ïîñèöåëüñêèé, Äìèòðèé"]
[Result "1-0"]
[WhiteElo "1829"]
[BlackElo "1747"]
[PlyCount "0"]
[EventDate "2015.11.12"]

1. d4 {[%clk 1:30:58]} d5 {[%clk 1:30:54]} 2. c4 {[%clk 1:31:24]} e6
{[%clk 1:31:20]} 3. Nc3 {[%clk 1:31:50]} Nf6 {[%clk 1:31:41]} 4. Bg5
{[%clk 1:32:17]} Be7 {[%clk 1:32:04]} 5. Nf3 {[%clk 1:32:20]} O-O
{[%clk 1:32:26]} 6. e3 {[%clk 1:32:48]} h6 {[%clk 1:32:50]} 7. Bh4
{[%clk 1:32:37]} b6 {[%clk 1:33:14]} 8. Bd3 {[%clk 1:32:44]} Bb7 {[%clk 1:33:32]}
9. O-O {[%clk 1:32:21]} Nbd7 {[%clk 1:33:51]} 10. Rc1 {[%clk 1:31:02]} c5
{[%clk 1:33:24]} 11. Re1 {[%clk 1:27:19]} Ne4 {[%clk 1:22:55]} 12. Bxe7
{[%clk 1:25:05]} Qxe7 {[%clk 1:22:15]} 13. Bxe4 {[%clk 1:21:38]} dxe4
{[%clk 1:22:37]} 14. Nd2 {[%clk 1:21:30]} f5 {[%clk 1:22:44]} 15. a3
{[%clk 1:12:13]} Qf6 {[%clk 1:03:52]} 16. Nf1 {[%clk 1:02:56]} Rad8
{[%clk 0:53:49]} 17. b4 {[%clk 0:49:30]} cxd4 {[%clk 0:46:46]} 18. exd4
{[%clk 0:48:21]} Nb8 {[%clk 0:46:40]} 19. Qa4 {[%clk 0:39:07]} a6
{[%clk 0:40:03]} 20. d5 {[%clk 0:29:36]} exd5 {[%clk 0:37:36]} 21. cxd5
{[%clk 0:28:53]} Nd7 {[%clk 0:28:47]} 22. Red1 {[%clk 0:22:18]} Ne5
{[%clk 0:23:28]} 23. Ne3 {[%clk 0:20:13]} f4 {[%clk 0:16:49]} 24. Nf1
{[%clk 0:16:23]} Qg6 {[%clk 0:15:59]} 25. Qc2 {[%clk 0:15:10]} Nd3
{[%clk 0:13:22]} 26. Rb1 {[%clk 0:14:49]} Rc8 {[%clk 0:06:55]} 27. Qb3
{[%clk 0:11:16]} Rxc3 {[%clk 0:02:51]} 28. Qxc3 {[%clk 0:10:55]} Bxd5
{[%clk 0:03:14]} 29. Qd4 {[%clk 0:10:30]} Ba2 {[%clk 0:02:42]} 30. Ra1
{[%clk 0:10:02]} Be6 {[%clk 0:02:21]} 31. g3 {[%clk 0:03:07]} fxg3
{[%clk 0:01:53]} 32. Nxg3 {[%clk 0:03:04]} Nxf2 {[%clk 0:02:05]} 33. Rf1
{[%clk 0:02:22]} e3 {[%clk 0:01:06]} 34. Qxe3 {[%clk 0:01:40]} Nh3+ 35. Kg2 Qc2+
36. Ne2 1-0

[Event "Ïåðâåíñòâî Ìîñêâû ïî øàõìàòàì 2015 ñðåäè ìàëü÷èêîâ (Ì19)"]
[Site "Moscow"]
[Date "2015.11.19"]
[Round "8.9"]
[White "Ãðèãîðüÿíö, Îëåã"]
[Black "Õðèïà÷, Ãåîðãèé"]
[Result "1-0"]
[WhiteElo "1741"]
[BlackElo "1715"]
[PlyCount "0"]
[EventDate "2015.11.12"]

1. d4 {[%clk 1:30:45]} e6 {[%clk 1:30:48]} 2. c4 {[%clk 1:31:10]} b6
{[%clk 1:31:10]} 3. f3 {[%clk 1:31:33]} Bb7 {[%clk 1:31:28]} 4. Nc3
{[%clk 1:31:49]} Bb4 {[%clk 1:31:45]} 5. a3 {[%clk 1:31:17]} Bxc3+
{[%clk 1:31:16]} 6. bxc3 {[%clk 1:31:43]} f5 {[%clk 1:30:18]} 7. Bf4
{[%clk 1:30:57]} Nf6 {[%clk 1:25:35]} 8. e3 {[%clk 1:29:52]} O-O {[%clk 1:21:34]}
9. Bd3 {[%clk 1:29:49]} Nh5 {[%clk 1:16:22]} 10. Ne2 {[%clk 1:27:32]} Qh4+
{[%clk 1:10:19]} 11. g3 {[%clk 1:26:48]} Qh3 {[%clk 1:07:16]} 12. Kf2
{[%clk 1:26:48]} Nxf4 {[%clk 1:04:15]} 13. Nxf4 {[%clk 1:26:03]} Qh6
{[%clk 1:04:38]} 14. Qc2 {[%clk 1:26:01]} g5 {[%clk 0:59:43]} 15. Ng2
{[%clk 1:24:40]} g4 {[%clk 0:55:53]} 16. f4 {[%clk 1:25:00]} d6 {[%clk 0:40:46]}
17. e4 {[%clk 1:24:10]} e5 {[%clk 0:28:58]} 18. d5 {[%clk 1:23:14]} fxe4
{[%clk 0:25:50]} 19. Bxe4 {[%clk 1:23:19]} exf4 {[%clk 0:22:16]} 20. Nxf4
{[%clk 1:23:06]} Ba6 {[%clk 0:20:05]} 21. h3 {[%clk 1:22:36]} gxh3
{[%clk 0:17:35]} 22. Bf5 {[%clk 1:06:22]} h2 {[%clk 0:10:04]} 23. Kg2
{[%clk 1:06:31]} Qf6 {[%clk 0:06:27]} 24. Be6+ {[%clk 1:06:55]} Rf7
{[%clk 0:04:32]} 25. Rxh2 {[%clk 1:06:24]} h6 {[%clk 0:03:47]} 26. Rah1
{[%clk 1:06:42]} Kf8 {[%clk 0:03:13]} 27. Rxh6 {[%clk 1:05:43]} Qg5
{[%clk 0:01:51]} 28. Rh8+ {[%clk 1:05:30]} Ke7 {[%clk 0:02:18]} 29. Ng6+
{[%clk 1:05:45]} Kf6 {[%clk 0:02:21]} 30. Qf2+ {[%clk 1:06:08]} 1-0

[Event "Ïåðâåíñòâî Ìîñêâû ïî øàõìàòàì 2015 ñðåäè"]
[Site "Moscow"]
[Date "2015.11.19"]
[Round "8.10"]
[White "Ìàòþíèí, Ìàêñèì."]
[Black "Ãàðàíèí, Äàíèèë."]
[Result "1-0"]
[WhiteElo "2136"]
[BlackElo "1659"]
[PlyCount "67"]
[EventDate "2015.11.12"]

1. d4 g6 2. Nf3 Bg7 3. c4 d6 4. Nc3 Bg4 5. e3 Nc6 6. Be2 e5 7. O-O Nh6 8. h3
Bd7 9. d5 Ne7 10. b3 O-O 11. Bb2 f5 12. Rc1 Nf7 13. Nh2 c5 14. dxc6 Bxc6 15. b4
Rc8 16. Qc2 Bd7 17. Rfd1 Qc7 18. Nf3 Be6 19. Nb5 Qb6 20. c5 dxc5 21. bxc5 Qa5
22. Bc3 Qxa2 23. Qxa2 Bxa2 24. Rd7 Nd5 25. Rxb7 Rxc5 26. Rxa7 Nxc3 27. Rxc3
Rxc3 28. Nxc3 Be6 29. Re7 Bb3 30. Nh2 Bc2 31. Bc4 e4 32. Nb5 Bf6 33. Rxf7 Rxf7
34. Nd6 1-0

[Event "Ïåðâåíñòâî Ìîñêâû ïî øàõìàòàì 2015 ñðåäè ìàëü÷èêîâ (Ì19)"]
[Site "Moscow"]
[Date "2015.11.20"]
[Round "9.1"]
[White "Åëåöêèé, Èâàí"]
[Black "Ãàëÿåâ, Èâàí"]
[Result "1-0"]
[WhiteElo "2365"]
[BlackElo "1976"]
[PlyCount "0"]
[EventDate "2015.11.12"]

1. c4 {[%clk 1:27:07]} c5 {[%clk 1:30:25]} 2. g3 {[%clk 1:26:22]} Nc6
{[%clk 1:30:02]} 3. Bg2 {[%clk 1:26:32]} Nf6 {[%clk 1:29:47]} 4. Nc3
{[%clk 1:26:32]} e6 {[%clk 1:29:35]} 5. Nf3 {[%clk 1:26:20]} Be7 {[%clk 1:18:42]}
6. O-O {[%clk 1:25:59]} O-O {[%clk 1:18:41]} 7. d4 {[%clk 1:24:35]} d5
{[%clk 1:13:51]} 8. cxd5 {[%clk 1:23:32]} Nxd5 {[%clk 1:11:58]} 9. Nxd5
{[%clk 1:10:44]} Qxd5 {[%clk 1:08:17]} 10. Be3 {[%clk 1:07:46]} c4
{[%clk 0:54:52]} 11. Qc2 {[%clk 0:58:10]} Nb4 {[%clk 0:53:34]} 12. Qc1
{[%clk 0:52:44]} Qb5 {[%clk 0:43:12]} 13. Ne5 {[%clk 0:50:28]} Nd5
{[%clk 0:42:48]} 14. a4 {[%clk 0:45:40]} Qb3 {[%clk 0:33:22]} 15. Qxc4
{[%clk 0:45:06]} Qxb2 {[%clk 0:32:07]} 16. Rfb1 {[%clk 0:40:58]} Nxe3
{[%clk 0:32:17]} 17. fxe3 {[%clk 0:41:04]} Qd2 {[%clk 0:32:34]} 18. Kf2
{[%clk 0:38:02]} Qa5 {[%clk 0:27:43]} 19. Bxb7 {[%clk 0:35:57]} Bxb7
{[%clk 0:27:46]} 20. Rxb7 {[%clk 0:36:11]} Bd6 {[%clk 0:28:06]} 21. Rb5
{[%clk 0:34:21]} Qd8 {[%clk 0:28:20]} 22. Nf3 {[%clk 0:34:07]} Rc8
{[%clk 0:27:36]} 23. Qd3 {[%clk 0:34:26]} a5 {[%clk 0:26:56]} 24. Kg2
{[%clk 0:29:52]} Bb4 {[%clk 0:26:30]} 25. Qe4 {[%clk 0:25:45]} Qf6
{[%clk 0:24:57]} 26. Ne5 {[%clk 0:23:19]} Qh6 {[%clk 0:24:18]} 27. Rf1
{[%clk 0:22:23]} Rc7 {[%clk 0:23:40]} 28. Rf2 {[%clk 0:17:45]} Bd2
{[%clk 0:14:59]} 29. Ng4 {[%clk 0:08:01]} Qg6 {[%clk 0:14:41]} 30. Qf4
{[%clk 0:08:27]} e5 {[%clk 0:11:18]} 31. Rxe5 {[%clk 0:07:25]} f6
{[%clk 0:10:12]} 32. h4 {[%clk 0:05:55]} h5 {[%clk 0:06:41]} 33. Rg5
{[%clk 0:04:03]} fxg5 {[%clk 0:06:42]} 34. Qxf8+ {[%clk 0:04:22]} Kh7
{[%clk 0:07:08]} 35. Ne5 {[%clk 0:04:01]} Qe4+ {[%clk 0:07:30]} 36. Qf3
{[%clk 0:02:42]} Qxf3+ {[%clk 0:07:30]} 37. Kxf3 {[%clk 0:01:51]} Rc3
{[%clk 0:07:16]} 38. Nd3 {[%clk 0:02:12]} gxh4 {[%clk 0:06:52]} 39. gxh4
{[%clk 0:02:38]} Rc4 {[%clk 0:06:13]} 40. Nc5 {[%clk 0:02:37]} Bb4
{[%clk 0:06:31]} 41. Ke4 {[%clk 0:01:59]} Bxc5 {[%clk 0:06:35]} 42. Kd5
{[%clk 0:02:14]} Rxa4 {[%clk 0:04:55]} 43. Kxc5 {[%clk 0:02:04]} Ra1
{[%clk 0:04:57]} 44. d5 {[%clk 0:01:35]} a4 {[%clk 0:05:17]} 45. e4
{[%clk 0:01:26]} a3 {[%clk 0:05:38]} 46. e3 {[%clk 0:01:10]} a2 {[%clk 0:05:55]}
47. Kd6 {[%clk 0:01:35]} g5 {[%clk 0:04:05]} 48. hxg5 {[%clk 0:01:59]} Kg6
{[%clk 0:03:48]} 49. e5 {[%clk 0:02:19]} Re1 {[%clk 0:04:03]} 50. Rxa2
{[%clk 0:02:44]} Rxe3 {[%clk 0:04:19]} 51. e6 {[%clk 0:03:00]} h4
{[%clk 0:04:37]} 52. Kd7 {[%clk 0:03:16]} h3 {[%clk 0:04:18]} 53. e7
{[%clk 0:03:35]} Kf7 {[%clk 0:04:44]} 54. g6+ {[%clk 0:03:54]} Kxg6
{[%clk 0:05:11]} 55. e8=Q+ {[%clk 0:04:10]} 1-0